书目信息 |
| 题名: |
身体语言密码
|
|
| 作者: | 皮斯 , 皮斯 著 ;王甜甜 , 黄佼 译 | |
| 分册: | ||
| 出版信息: | 北京 中国城市出版社 2007.12 |
|
| 页数: | 306页 | |
| 开本: | 24cm | |
| 丛书名: | ||
| 单 册: | ||
| 中图分类: | H026.3 | |
| 科图分类: | ||
| 主题词: | 身势语 | |
| 电子资源: | ||
| ISBN: | 978-7-5074-1942-9 | |
| 000 | 00997nam0 2200289 450 | |
| 001 | 012004195035 | |
| 005 | 20091230084544.92 | |
| 010 | @a978-7-5074-1942-9@dCNY39.00 | |
| 100 | @a20071210d2007 em y0chiy0110 ea | |
| 101 | 1 | @achi@ceng |
| 102 | @aCN@b110000 | |
| 105 | @aa z 000yy | |
| 106 | @ar | |
| 200 | 1 | @a身体语言密码@9shen ti yu yan mi ma@dThe definitive book of body language@f亚伦·皮斯,芭芭拉·皮斯著@g王甜甜,黄佼译@zeng |
| 210 | @a北京@c中国城市出版社@d2007.12 | |
| 215 | @a306页@c图@d24cm | |
| 306 | @a出版者原名:中国城市经济社会出版社 | |
| 330 | @a本书帮助人们解析人类最神秘的身体信号,开启无声世界最复杂的信息密码,教授比说话更有效的沟通技巧。 | |
| 510 | 1 | @aDefinitive book of body language@zeng |
| 606 | 0 | @a身势语 |
| 690 | @aH026.3@v4 | |
| 701 | 1 | @a皮斯@9pi si@b亚伦@4著 |
| 701 | 1 | @a皮斯@9pi si@b芭芭拉@4著 |
| 702 | 0 | @a王甜甜@9wang tian tian@4译 |
| 702 | 0 | @a黄佼@9huang jiao@4译 |
| 801 | 0 | @aCN@bNLC@c20091230 |
| 905 | @b20798630-34@dH026.3@e144@f5 | |
| 身体语言密码=The definitive book of body language/亚伦·皮斯,芭芭拉·皮斯著/王甜甜,黄佼译.-北京:中国城市出版社,2007.12 |
| 306页:图;24cm |
| ISBN 978-7-5074-1942-9:CNY39.00 |
| 本书帮助人们解析人类最神秘的身体信号,开启无声世界最复杂的信息密码,教授比说话更有效的沟通技巧。 |
| ● |
| 相关链接 |
|
|
|
|
正题名:身体语言密码
索取号:H026.3/144
 
预约/预借
| 序号 | 登录号 | 条形码 | 馆藏地/架位号 | 状态 | 备注 |
| 1 | 798630 | 207986303 | 第二样本阅览室/ [索取号:H026.3/144] | 在馆 | |
| 2 | 798631 | 207986312 | 第四借阅区/ [索取号:H026.3/144] | 在馆 | |
| 3 | 798632 | 207986321 | 第四借阅区/ [索取号:H026.3/144] | 在馆 | |
| 4 | 798633 | 207986330 | 第四借阅区/ [索取号:H026.3/144] | 在馆 | |
| 5 | 798634 | 207986349 | 第四借阅区/ [索取号:H026.3/144] | 在馆 |